स्कूल है मस्त / (Record no. 62832)
[ view plain ]
| 000 -LEADER | |
|---|---|
| fixed length control field | 01065nam a22001937a 4500 |
| 005 - DATE AND TIME OF LATEST TRANSACTION | |
| control field | 20120215115238.0 |
| 020 ## - INTERNATIONAL STANDARD BOOK NUMBER | |
| International Standard Book Number | 9788181468277 |
| Terms of availability | 95.00 |
| 082 ## - DEWEY DECIMAL CLASSIFICATION NUMBER | |
| Classification number | क |
| 100 ## - MAIN ENTRY--PERSONAL NAME | |
| Personal name | सौम्या राजेन्द्रन |
| 245 ## - TITLE STATEMENT | |
| Title | स्कूल है मस्त / |
| Statement of responsibility, etc | सौम्या राजेन्द्रन;कांचोन मित्रा द्वारा चित्रांकित;सुषमा द्वारा अनुदित |
| 260 ## - PUBLICATION, DISTRIBUTION, ETC. (IMPRINT) | |
| Place of publication, distribution, etc | चैन्नई |
| Name of publisher, distributor, etc | तूलिका पब्लिशिंग |
| Date of publication, distribution, etc | 2010 |
| 270 ## - ADDRESS | |
| Address | 13, पृथ्वी ऐवन्यु,अभिरमपुरम |
| City | चैन्नई |
| Postal code | 600018 |
| 300 ## - PHYSICAL DESCRIPTION | |
| Extent | अ.पृ |
| Other physical details | सचित्र |
| Dimensions | 18सेमी (अजिल्द) |
| 700 ## - ADDED ENTRY--PERSONAL NAME | |
| Personal name | मित्रा, कांचोन |
| 9 (RLIN) | 42026 |
| 700 ## - ADDED ENTRY--PERSONAL NAME | |
| 9 (RLIN) | 42032 |
| Personal name | सुषमा |
| 700 ## - ADDED ENTRY--PERSONAL NAME | |
| 9 (RLIN) | 42037 |
| 942 ## - ADDED ENTRY ELEMENTS (KOHA) | |
| Source of classification or shelving scheme | Dewey Decimal Classification |
| Item type | Children Books |
| Classification part | क |
| Call number suffix | सौम्यारा |
| Withdrawn status | Lost status | Not for loan | Home library | Current library | Date acquired | Cost, normal purchase price | Full call number | Cost, replacement price | Koha item type |
|---|---|---|---|---|---|---|---|---|---|
| Ordered | Andrews Gunj | Andrews Gunj | 15/02/2012 | 95.00 | क सौम्यारा | 95.00 | Children Books |
